Gender recognition and the law: Troubling transgender peoples’ engagement with legal regulation (Record no. 530971)
[ view plain ]
| 000 -LEADER | |
|---|---|
| fixed length control field | 00623nam a22001457a 4500 |
| 008 - FIXED-LENGTH DATA ELEMENTS--GENERAL INFORMATION | |
| fixed length control field | 250722b ||||| |||| 00| 0 eng d |
| 100 ## - MAIN ENTRY--PERSONAL NAME | |
| Personal name | Guo, Jie |
| 245 ## - TITLE STATEMENT | |
| Title | Gender recognition and the law: Troubling transgender peoples’ engagement with legal regulation |
| 260 ## - PUBLICATION, DISTRIBUTION, ETC. (IMPRINT) | |
| Place of publication, distribution, etc | Social & Legal Studies |
| 300 ## - PHYSICAL DESCRIPTION | |
| Extent | 34(3), Jun, 2025: p.461-464 |
| 520 ## - SUMMARY, ETC. | |
| Summary, etc | Flora Renz, New York: Routledge, 2024, pp. 176, ISBN 9780367566418, £135 (hbk), £36 (ebook).- Reproduced https://journals.sagepub.com/doi/abs/10.1177/09646639241279962 |
| 773 ## - HOST ITEM ENTRY | |
| Main entry heading | Social & Legal Studies |
| 906 ## - LOCAL DATA ELEMENT F, LDF (RLIN) | |
| Subject DIP | BOOK REVIEW |
| 942 ## - ADDED ENTRY ELEMENTS (KOHA) | |
| Item type | Articles |
| Withdrawn status | Lost status | Source of classification or shelving scheme | Damaged status | Not for loan | Permanent location | Current location | Date acquired | Serial Enumeration / chronology | Barcode | Date last seen | Koha item type |
|---|---|---|---|---|---|---|---|---|---|---|---|
| Indian Institute of Public Administration | Indian Institute of Public Administration | 2025-07-22 | 34(3), Jun, 2025: p.461-464 | AR136691 | 2025-07-22 | Articles |
